000 01242cam a2200361 4500
999 _c24123
_d24123
001 vtls012279639
005 20260107133849.0
008 250715s2025 xo g 000 f slo
020 _a9788055199221
_q(viazané)
040 _aSNK
_bslo
_cSNK
_erda
041 1 _aslo
_heng
044 _axo
_cSK
072 7 _a821.111(73)-3
_xAmerická próza
_2konspekt
080 _a821.111(73)-31
_22011
080 _a(0:82-312.5)
_22011
100 1 _aLadd, Sarah E.,
_d1978-
_4aut
_95385
240 1 4 _aThe letter from Briarton Park
_lSlovensky
245 1 0 _aList z Briarton Parku
_cSarah E. Ladd ; z anglického originálu The letter from Briarton Park ... preložila Marta Gergelyová
250 _aPrvé vydanie
264 1 _aBratislava
_bIkar, a.s. - Slovenský spisovateľ
_c2025
300 _a376 strán
_c21 cm
336 _atext
_btxt
_2rdacontent
337 _abez média
_bn
_2rdamedia
338 _azväzok
_bnc
_2rdacarrier
655 7 _aamerické romány
_2SNKPH
_92
655 7 _aľúbostné romány
_2SNKPH
_913
655 7 _aAmerican novels
_2SNKPHeng
_91670
655 7 _aLove novels
_2SNKPHeng
_91667
700 1 _aGergelyová, Marta,
_d1966-
_4trl
_91899
958 _aLX
958 _aUP